00229pam a2200097 a 4500020000500000041000800005100002200013245005100035260003300086300001200119 c aeng aMahajan, Mukund . aBsiness Economics B.Com. I hTextual Documents aPunebNirali Prakashanc1994 a333p. .